• 首页
  • 本馆介绍
  • 公告通知
  • 最新文献
  • 馆藏检索
  • 电子资源
  • 读者导购
  • 参考咨询
  • 我的图书馆
  • 登录
  • 详细信息显示
  • 放入我的书架
  • 预约/预借图书
  • 作者相关作品
  • 分类相关作品
  • 丛书相关作品
  • 出版社相关作品

书目信息

  • 表格格式
  • 工作单格式
  • 卡片格式
题名:
储能技术及应用
    
 
作者: 丁玉龙 , 来小康 , 陈海生 主编 ;中国化工学会储能工程专业委员会 组织编写
分册:  
出版信息: 北京   化学工业出版社  2019重印
页数: 699页
开本: 27cm
丛书名:
单 册:
中图分类: TK02
科图分类:
主题词: 储能--chu neng--技术--研究
电子资源:
ISBN: 978-7-122-12496-8
000 01211nam0 2200289 45
001 012001002630
005 20140101191136.0
010    @a978-7-122-12496-8@b精装@dCNY268.00
099    @aCAL 012018108799
100    @a20180713d2018 em y0chiy50 ea
101 0  @achi
102    @aCN@b110000
105    @aak a 000yy
106    @ar
200 1  @a储能技术及应用@Achu neng ji shu ji ying yong@f中国化工学会储能工程专业委员会组织编写@g丁玉龙, 来小康, 陈海生主编
210    @a北京@c化学工业出版社@d2019重印
215    @a699页@c图@d27cm
320    @a有书目
330    @a本书详细介绍了化学储能和物理储能两大类储能技术及储能技术在各行业中的应用。其中,化学储能部分包括铅酸电池、锂电池、镍氢电池、液流电池、钠系高温电池、金属空气电池等内容;物理储能部分包括飞轮储能、氢储能、抽水储能、压缩空气储能、机械弹性储能等内容。
606 0  @a储能@Achu neng@x技术@x研究
690    @aTK02@v5
701  0 @a丁玉龙@Ading yu long@4主编
701  0 @a来小康@Alai xiao kang@4主编
701  0 @a陈海生@Achen hai sheng@4主编
712 02 @a中国化工学会储能工程专业委员会@Azhong guo hua gong xue hui chu neng gong cheng zhuan ye wei yuan hui@4组织编写
801  0 @aCN@b北京卓展@c20191020
905    @b1204135-6@dTK02@e182@f2
    
    储能技术及应用/中国化工学会储能工程专业委员会组织编写/丁玉龙, 来小康, 陈海生主编.-北京:化学工业出版社,2019重印
    699页:图;27cm
    
    
    ISBN 978-7-122-12496-8(精装):CNY268.00
    本书详细介绍了化学储能和物理储能两大类储能技术及储能技术在各行业中的应用。其中,化学储能部分包括铅酸电池、锂电池、镍氢电池、液流电池、钠系高温电池、金属空气电池等内容;物理储能部分包括飞轮储能、氢储能、抽水储能、压缩空气储能、机械弹性储能等内容。
●
相关链接 在E读中查询图书 在五车中查询图书 在当当中查询图书 在豆瓣中查询图书


正题名:储能技术及应用     索取号:TK02/182         预约/预借

序号 登录号 条形码 馆藏地/架位号 状态 备注
1 1204135   212041351   第二样本阅览室/ [索取号:TK02/182] 在馆    
2 1204136   212041360   第三借阅区/ [索取号:TK02/182] 在馆    
唐山师范学院图书馆 欢迎您!
大连网信软件有限公司© 版权所有